Statistics for Colors on at Least One Country Flag

Click here to take the quiz!

General Stats

  • This quiz has been taken 736 times
  • The average score is 10 of 12

Answer Stats

#CountriesColor% Correct
94France, Australia, Greece, 91 othersBlue
100%
148China, Switzerland, Vietnam, 145 othersRed
100%
88Mexico, Italy, Ireland, 85 othersGreen
99%
142Japan, South Korea, Cyprus, 139 othersWhite
99%
92Brazil, Sweden, Colombia, 89 othersYellow
99%
45Albania, South Korea, Lesotho, 42 othersBlack
98%
10Ireland, Cyprus, Bhutan, 7 othersOrange
94%
2Dominica, NicaraguaPurple
94%
1SpainPink
82%
11Mexico, Kosovo, Montenegro, 8 othersBrown
75%
5Malta, Equatorial Guinea, San Marino, Guatemala, EcaudorGray
72%
3Qatar, Latvia Sri LankaMaroon
22%

Score Distribution

Percentile by Number Answered

Percent of People with Each Score

Your Score History

You have not taken this quiz